000
00242 a2200097 4500
001
13538
100
_a
Ayub Khan M
245
_a
Jess rizzag say atti ho perwaz mey kotahi
260
_a
Lahore
_b
Oxford university press
_c
090
_c
10541
_d
10541
942
_a
NUST-CAE
_c
M
_c
605
999
_c
248611
_d
248611